Central Library OPAC University of Rajshahi

Literature for our time : (Record no. 17736)

MARC details
000 -LEADER
fixed length control field 01063nam a22003131 4500
001 - CONTROL NUMBER
control field 17736
003 - CONTROL NUMBER IDENTIFIER
rucl marc code BD-RjUL
005 - DATE AND TIME OF LATEST TRANSACTION
control field 20211209000202.0
008 - FIXED-LENGTH DATA ELEMENTS--GENERAL INFORMATION
fixed length control field 140217s1953 nyua b 001 0 eng d
035 ## - SYSTEM CONTROL NUMBER
System control number (BD-RjUL)17794
System control number (OCoLC)1163963
040 ## - CATALOGING SOURCE
Original cataloging agency DLC
Transcribing agency OTU
Modifying agency OCoLC
-- DLC
-- BD-RjUL
Language of cataloging eng
041 ## - LANGUAGE CODE
Language code of text/sound track or separate title eng
082 00 - DEWEY DECIMAL CLASSIFICATION NUMBER
Classification number 820.82
Author mark and year LIT 1953
245 10 - TITLE STATEMENT
Title Literature for our time :
Remainder of title an anthology for college students /
Statement of responsibility, etc. edited by Harlow O. Waite and Benjamin P. Atkinson.
250 ## - EDITION STATEMENT
Edition statement Rev. ed.
260 ## - PUBLICATION, DISTRIBUTION, ETC. (IMPRINT)
Place of publication, distribution, etc. New York :
Name of publisher, distributor, etc. Holt,
Date of publication, distribution, etc. 1953.
300 ## - PHYSICAL DESCRIPTION
Pagination xiv, 998 p. :
Illustrations illus.
Size 25 cm.
500 ## - GENERAL NOTE
General note First ed., 1947, edited by Leonard S. Brown, Harlow O. Waite, and Benjamin P. Atkinson.
504 ## - BIBLIOGRAPHY, ETC. NOTE
Bibliography, etc Includes bibliographical references and index.
650 #0 - SUBJECT ADDED ENTRY--TOPICAL TERM
Topical term or geographic name as entry element Literature, Modern.
9 (RLIN) 54675
Topical term or geographic name as entry element American literature.
9 (RLIN) 54676
Topical term or geographic name as entry element English literature.
9 (RLIN) 54677
700 1# - ADDED ENTRY--PERSONAL NAME
Personal name Waite, Harlow O.,
Personal name Atkinson, Benjamin P.,
Relator term joint ed.
942 ## - ADDED ENTRY ELEMENTS (KOHA)
Source of classification or shelving scheme Dewey Decimal Classification
Koha item type Books
Holdings
Lost status Source of classification or shelving scheme Damaged status Not for loan Collection code Permanent Location Current Location Shelving location Date acquired Source of acquisition Total Checkouts Full call number Date last seen Copy number Koha item type
  Dewey Decimal Classification   Not For Loan Non-fiction Central Library, University of Rajshahi Central Library, University of Rajshahi Reading Room 01/10/1959 Asia foundation   820.82 LIT 1953 17/02/2014 C-1 Books